00370nam a22001457a 450000500170000000800410001702000180005804100080007608200180008410000200010224500370012225000120015926000450017130000080021620180203113732.0160426b xxu||||| |||| 00| 0 eng d a81-7808-781-2 aeng b00189a004.21 aHoffer, Jeffrey aModern Systems Analysis & Design aerd ed. aNew DelhibPearson Prantics Hall, c2004 a733